| 000 | 00722nam a2200241Ia 4500 | ||
|---|---|---|---|
| 003 | OSt | ||
| 005 | 20220918110520.0 | ||
| 006 | a|||||r|||| 00| 0 | ||
| 007 | ta | ||
| 008 | 220915b |||||||| |||| 00| 0 eng d | ||
| 020 |
_a8173800952 (hbk) _c800 |
||
| 024 | _a20,661 | ||
| 037 |
_b931, 27/03/2015, H.K. Prakashan _cReference Collections |
||
| 040 |
_aARTS _cARTS _beng |
||
| 041 |
_2eng _aeng |
||
| 082 | _aP111:4k, 153Q1(RR) | ||
| 245 | 0 | _aEnglish Punjabi dictionary | |
| 260 |
_aPatiala _bPunjabi University India _c2011 |
||
| 300 | _a1379p. | ||
| 650 | _aLINGUISTICS | ||
| 942 |
_hP111:4k, 153Q1(RR) _cREF |
||
| 999 |
_c113168 _d113168 |
||